Korea journal. (Record no. 82605)

MARC details
000 -LEADER
fixed length control field 02221cas a2200613 a 4500
001 - CONTROL NUMBER
control field 11157995
003 - CONTROL NUMBER IDENTIFIER
control field dpl
005 - DATE AND TIME OF LATEST TRANSACTION
control field 20140218122627.0
007 - PHYSICAL DESCRIPTION FIXED FIELD--GENERAL INFORMATION
fixed length control field t|
008 - FIXED-LENGTH DATA ELEMENTS--GENERAL INFORMATION
fixed length control field 751101c19619999ko qr p 0 a0eng
010 ## - LIBRARY OF CONGRESS CONTROL NUMBER
LC control number 65035396
015 ## - NATIONAL BIBLIOGRAPHY NUMBER
National bibliography number 011253320
Source dnb
016 7# - NATIONAL BIBLIOGRAPHIC AGENCY CONTROL NUMBER
Record control number 011253320
Source DE-101
016 7# - NATIONAL BIBLIOGRAPHIC AGENCY CONTROL NUMBER
Record control number 214563-7
Source DE-600
022 0# - INTERNATIONAL STANDARD SERIAL NUMBER
International Standard Serial Number 0023-3900
Source 0
030 ## - CODEN DESIGNATION
CODEN KOJODS
035 ## - SYSTEM CONTROL NUMBER
System control number (OCoLC)ocm01755247
040 ## - CATALOGING SOURCE
Original cataloging agency DLC
Language of cataloging eng
Transcribing agency MnMULS
Modifying agency CtY
-- NSDP
-- NIC
-- DLC
-- NST
-- OCoLC
-- AIP
-- OCoLC
-- DLC
-- NST
-- MH
-- NST
-- MH
-- InU
-- MH
-- OCoLC
-- DLC
-- DIBAM
-- NLGGC
-- CaQQL
-- MCM
-- OCoLC
-- HEBIS
-- GBVCP
-- BLBSF
-- CU-S
-- OCoLC
-- OCLCO
-- OCoLC
042 ## - AUTHENTICATION CODE
Authentication code nsdp
-- pcc
043 ## - GEOGRAPHIC AREA CODE
Geographic area code a-ko---
050 00 - LIBRARY OF CONGRESS CALL NUMBER
Classification number DS901
Item number .K7
082 04 - DEWEY DECIMAL CLASSIFICATION NUMBER
Classification number 951.9005
210 0# - ABBREVIATED TITLE
Abbreviated title Korea j.
222 #0 - KEY TITLE
Key title Korea journal
245 00 - TITLE STATEMENT
Title Korea journal.
260 ## - PUBLICATION, DISTRIBUTION, ETC. (IMPRINT)
Place of publication, distribution, etc Seoul :
Name of publisher, distributor, etc Korean National Commission for UNESCO,
Date of publication, distribution, etc 1961-
300 ## - PHYSICAL DESCRIPTION
Extent volumes :
Other physical details illustrations, portraits ;
Dimensions 26 cm
310 ## - CURRENT PUBLICATION FREQUENCY
Current publication frequency Quarterly,
Date of current publication frequency 1991-
321 ## - FORMER PUBLICATION FREQUENCY
Former publication frequency Monthly,
-- 1961-90
362 0# - DATES OF PUBLICATION AND/OR SEQUENTIAL DESIGNATION
Dates of publication and/or sequential designation Vol. 1 (Sept. 1961)-
510 0# - CITATION/REFERENCES NOTE
Name of source Chemical abstracts
International Standard Serial Number 0009-2258
530 ## - ADDITIONAL PHYSICAL FORM AVAILABLE NOTE
Additional physical form available note Also issued online.
555 ## - CUMULATIVE INDEX/FINDING AIDS NOTE
Cumulative index/finding aids note Index for Sept. 1961-Aug. 1981 (vol. 1, no. 9-vol. 21, no. 8) published separately.
590 ## - LOCAL NOTE (RLIN)
Local note SERBIB/SERLOC merged record
650 14 - SUBJECT ADDED ENTRY--TOPICAL TERM
Topical term or geographic name as entry element Coreia (República)
650 17 - SUBJECT ADDED ENTRY--TOPICAL TERM
Topical term or geographic name as entry element Geografie.
Source of heading or term gtt
650 17 - SUBJECT ADDED ENTRY--TOPICAL TERM
Topical term or geographic name as entry element Sociaal-economische aspecten.
Source of heading or term gtt
650 17 - SUBJECT ADDED ENTRY--TOPICAL TERM
Topical term or geographic name as entry element Binnenlandse politiek.
Source of heading or term gtt
651 #0 - SUBJECT ADDED ENTRY--GEOGRAPHIC NAME
Geographic name Korea
Form subdivision Periodicals.
651 #6 - SUBJECT ADDED ENTRY--GEOGRAPHIC NAME
Geographic name Corée
Form subdivision Périodiques.
651 #7 - SUBJECT ADDED ENTRY--GEOGRAPHIC NAME
Geographic name COREA
General subdivision PUBLICACIONES PERIODICAS.
Source of heading or term renib
710 2# - ADDED ENTRY--CORPORATE NAME
Corporate name or jurisdiction name as entry element Yunesŭk'o Han'guk Wiwŏnhoe.
776 08 - ADDITIONAL PHYSICAL FORM ENTRY
Display text Microfiche version:
Title Korea journal
International Standard Serial Number 0023-3900
Record control number (DLC)sn 94083009
-- (OCoLC)32235379
776 08 - ADDITIONAL PHYSICAL FORM ENTRY
Display text Online version:
Title Korea journal
Record control number (OCoLC)613824113
906 ## - LOCAL DATA ELEMENT F, LDF (RLIN)
a 7
b cbc
c serials
d 3
e ncip
f 19
g n-oclcserc
936 ## - OCLC/CONSER MISCELLANEOUS DATA (OCLC); PIECE USED FOR CATALOGING (pre-AACR2) (RLIN)
OCLC control number(s) of parallel record(s) (OCLC); Piece used for cataloging, PUC (RLIN) Unknown
-- Oct. 1976 (surrogate)
942 ## - ADDED ENTRY ELEMENTS (KOHA)
Source of classification or shelving scheme Dewey Decimal Classification
Koha item type Periodicals
Classification part 951.9005
Call number suffix KOR
Serial record 1
Holdings
Withdrawn status Lost status Source of classification or shelving scheme Damaged status Not for loan Collection code Home library Current library Date acquired Total Checkouts Full call number Date last seen Price effective from Koha item type
    Dewey Decimal Classification   Not For Loan Non-fiction D.B.Act.Division D.B.Act.Division 18/02/2014   951.9005 KOR 18/02/2014 18/02/2014 Periodicals

© Delhi Public Library
Hit Counter
free hit counter